00977nas a2200229Ia 4500001001100000003000900011008004100020040001300061040001300074041001300087100003800100210001600138222001600154245010100170250001100271260003900282501008600321300001000407362003400417500026000451650003600711R017/F7367IT-RoPAU151124c99999999xx |||||||||||| ||und|| aIT-RoPAU cIT-RoPAU aITALIANO aAA.VV. gCodice Aut. SPICS: 12000 aFILMCRITICA aFilmcritica aFILMCRITICA SCUOLA, ANNO 02-N.05 (GENNAIO 1999)bFilmcritica Scuola, Anno 02-N.05 (Gennaio 1999) a1a ed. aMONTEPULCIANO (SI)bLE BALZEc1999 bPaulus - SPICS - Società San Paolo EM (non-commercial uses only)cCopyright2015 a16 p. aANNO 002, N.05 (GENNAIO 1999) aSuppl. a Filmcritica N.491/92. Una Scuola Aperta al Mondo di V. Giacci. Cinestoria: il Colore di E. Bruno. Classic: Metropolis di Fritz Lang di A. Cappabianca. Giovani Contro: un Angelo Alla Mia Tavola di Jane Campion di I. Gatti. Eric Rohmer, Profilo di  aCINEMAvPUBBLICAZIONE PERIODICA